| 000 | 00534nam a2200217Ia 4500 | ||
|---|---|---|---|
| 003 | GCL | ||
| 008 | 140319s9999 xx 000 0 eng d | ||
| 040 |
_aGCL / _cGCL |
||
| 082 | 0 | 4 |
_aCH _b843 _bP A |
| 100 | 1 | _aGERON, JACQUES | |
| 245 | 1 | 0 |
_aL'AMITIE DE MATHIEU ET KAZAN / _cGERON, JACQUES |
| 700 | 1 | _aPAY, SIMONE | |
| 260 |
_a[S.N] : _bHEMMA |
||
| 300 | _a125 P | ||
| 650 | 0 | 4 | _aCHILDREN - LITERATURE |
| 650 | 0 | 4 | _aCHILDREN |
| 650 | 0 | 4 | _aFICTION |
| 650 | 0 | 4 | _aFRENCH FICTION |
| 650 | 0 | 4 | _aFRENCH LITERATURE |
| 942 |
_2ddc _cBK |
||
| 999 |
_c14541 _d14541 |
||